000 00727nam a2200229Ia 4500
005 20241129120111.0
008 241129s9999||||xx |||||||||||||| ||und||
020 _a9783031295508
037 _aTB
040 _aSDCL
_beng
_cSDCL
041 _aeng
_2eng
084 _aB38, R3
_qSDCL
100 _aCorrea Rafael; Hantoute Abderrahim; Lopez Marco A.
_9729137
245 0 _aFundamentals of Convex Analysis and Optimization: A supremum function approach
260 _aCham
_bSpringer
_c2023
300 _axiii,444p.
365 _aEUR
_b64.99
490 _aSpringer series in operations research and financial engineering
650 _aOperational Research
942 _cTB
_hB38, R3
999 _c1233338
_d1233338